000 01149nam a2200241 a 4500
001 39818
003 BD-RjUL
005 20211209053050.0
008 160418r20141998bg ||||| |||| 001 0 ben d
020 _a9789845061889
_c: Tk. 400.00
035 _a(BD-RjUL) 39931
040 _aBD-RjUL
_bben
_cBD-RjUL
041 _aben
082 _223
_a891.4414
_bHOR 2014
100 _aহোসেন, কামাল উদ্দিন
_9122648
245 1 0 _aরবীন্দ্রনাথ ও মোগল সংস্কৃতি /
_cকামাল উদ্দিন হোসেন
260 _aঢাকা :
_bদি িইউনিভার্সিটি প্রেস লিমিটেড,
_c১৯৯৮ [মুদ্রণ ২০১৪]
300 _axv, ৩২২ পৃ. ;
_c২২ সেমি.
504 _aতথ্য নির্দেশ ও নির্ঘণ্ট সংযুক্ত
600 _aঠাকুর, রবীন্দ্রনাথ
_d১৮৬১-১৯৪১
_xবাংলা সাহিত্য
_9220548
600 _aTagore, Rabindranath
_d1861-1941
_xBenglali literature
_9220549
942 _2ddc
_cBK
_01
999 _c39818
_d39818